[Event "GCT Saint Louis Rapid 2018"]
[Site "Saint Louis"]
[Date "2018.08.12"]
[Round "5"]
[White "Caruana, Fabiano"]
[Black "Vachier-Lagrave, Maxime"]
[Result "1/2-1/2"]
[WhiteElo "2785"]
[BlackElo "2796"]
[Annotator "TA"]
[PlyCount "102"]
[EventDate "2018.08.11"]
[EventType "tourn"]
[EventCountry "USA"]
[SourceTitle "playchess.com"]
[Source "ChessBase"]
[SourceQuality "1"]

{[%evp 25,102,21,32,0,0,0,7,-9,16,26,31,15,51,20,28,16,19,0,0,-13,0,-50,0,-1,-1,-54,-54,-54,-50,-73,-71,-65,-79,-101,-89,-91,-95,-99,-61,-61,0,-43,0,-45,0,-42,0,0,62,55,63,0,0,0,54,64,201,0,84,77,234,0,0,0,0,0,0,0,0,0,0,-212,0,0,0,-210,0,0,0]} 1. e4 c5 2. Nf3 d6 3. d4 cxd4 4. Nxd4 Nf6 5. Nc3 a6 6. Bg5 e6 7. f4 h6 8. Bh4 Qb6 9. a3 Be7 {B96: Sicilian Najdorf: 6 Bg5 e6 7 f4, lines other than 7...Qb6 and 7...Be7} 10. Bf2 Qc7 11. Qf3 (11. Bd3 e5 12. Nde2 b5 13. Qd2 Nbd7 14. O-O-O Rb8 15. h3 b4 16. axb4 Rxb4 17. g4 {0-1 (57) Najer,E (2693)-Wojtaszek,R (2741) Czech Republic 2018}) 11... Nbd7 {[%cal Bb8d7,Bd7c5,Bc5e4][%mdl 32]} 12. O-O-O b5 13. g4 Bb7 {LiveBook: 27 Games} 14. h4 {With the idea g5.} Nc5 {[%cal Rc5e4]} 15. Bd3 d5 {[%cal Rd5e4]} 16. e5 Nfe4 17. Bxe4 Nxe4 18. Rh3 $146 h5 19. Be1 g6 $1 20. gxh5 Rxh5 21. Qg4 {Black must now prevent Nxe6!} Qb6 $1 22. Nce2 Rc8 23. Kb1 Rc4 24. b3 Rc8 $36 {[%cal Bc4c8,Bc8a8,Ba8a4][%mdl 2080] White is under pressure.} 25. Kb2 (25. f5 $11 exf5 26. Qg1) 25... a5 $15 26. b4 axb4 27. axb4 Ra8 28. Ra1 Ra4 29. Rb3 Bc8 30. Qh3 Bd7 31. Raa3 Qd8 {[%cal Re7h4]} 32. Qd3 Qb6 (32... Qb8 $1 $15 33. Nf3 Kf8) 33. Nf3 Qc6 34. Ned4 (34. Ng5 $5) 34... Qb6 35. Ng5 Bxg5 36. fxg5 Qb8 (36... Rh8 $11) 37. Nf3 $14 Ke7 38. Bc3 (38. Qd4 $1 $14) 38... Rh8 39. Bd4 Rc8 (39... Ke8 $11) 40. Nd2 Bc6 {[#]} ({Better is} 40... Qc7 $14) 41. Nb1 $2 (41. h5 $1 $18 {[%mdl 512]}) 41... Rh8 (41... Be8 $11) 42. Nc3 $16 Rxh4 $2 (42... Kf8 $16) 43. Nxa4 $2 (43. Nxe4 $18 dxe4 44. Qc3) 43... bxa4 $11 44. b5 $1 {[%cal Rb5c6]} axb3 45. bxc6 bxc2+ (45... Nxg5 46. Bc5+ Kd8 {[#]} 47. c7+ $1 {[%mdl 512]} Kxc7 48. Bd6+ Kc8 49. Bxb8 $18) 46. Rb3 {[#]} c1=Q+ $1 47. Kxc1 Rh1+ 48. Kc2 $2 (48. Kb2 $1 $11 Rh2+ 49. Kc1) 48... Rh2+ $2 ({Black should try} 48... Qa8 $19 49. Rb7+ Kf8) 49. Kc1 $1 Rh1+ $2 (49... Qa8 $11 50. Rb7+ Kf8) 50. Kc2 $19 Rh2+ $2 (50... Qa8 $19 {( -> ...Qa2+)} 51. Rb7+ Kf8) 51. Kc1 $1 $11 Rh1+ {Precision: White = 38%, Black = 40%.} 1/2-1/2

[Event "GCT Saint Louis Rapid 2018"]
[Site "Saint Louis"]
[Date "2018.08.12"]
[Round "5"]
[White "Grischuk, Alexander"]
[Black "Karjakin, Sergey"]
[Result "1/2-1/2"]
[WhiteElo "2782"]
[BlackElo "2791"]
[Annotator "TA"]
[PlyCount "66"]
[EventDate "2018.08.11"]
[EventType "tourn"]
[EventCountry "USA"]
[SourceTitle "playchess.com"]
[Source "ChessBase"]
[SourceQuality "1"]

{[%evp 32,66,8,7,33,0,0,0,0,-35,-30,-60,0,-25,-12,-50,17,0,386,392,29993,0,0,0,0,-104,401,402,357,0,0,-1324,0,0,0,0,0]} 1. d4 Nf6 2. c4 e6 3. Nf3 d5 4. Nc3 Bb4 5. Bg5 dxc4 6. e4 c5 7. Bxc4 cxd4 8. Nxd4 Bxc3+ 9. bxc3 Qa5 10. Bb5+ Nbd7 {[%cal Bb8d7,Bd7e5,Be5g6,Bg6f4][%mdl 32]} 11. Bxf6 Qxc3+ 12. Kf1 gxf6 13. h4 Qb4 {D39: Queen's Gambit Declined: Ragozin Defence with 5 Bg5 dxc4} 14. Rh3 a6 15. Be2 Ne5 16. Rb1 Qd6 17. Rc3 {LiveBook: 5 Games} O-O {[#]} 18. Qd2 $146 {[%mdl 1024] White has compensation.} ({Predecessor:} 18. h5 Rd8 19. Qb3 Bd7 20. Rd1 Qf8 21. Rc7 {½-½ (41) Giri,A (2769)-Harikrishna,P (2758) Shenzhen 2017}) 18... Ng6 $1 19. h5 Nf4 20. Qe3 e5 21. Nc2 ({Avoid the trap} 21. Qg3+ $2 Kh8 $17) 21... b5 22. Rd1 Qe7 $1 23. Qb6 (23. g3 $5 {[%cal Rg3f4]} Nxe2 24. Qxe2 $15) 23... Qe6 (23... Nxe2 $15 24. Kxe2 Qe6) 24. Rd6 $1 $36 {[%cal Rd6e6][%mdl 2048] Black is under pressure.} ({Reject} 24. Rg3+ Kh8 $15) 24... Qxa2 $2 {[%mdl 8192]} (24... Qe8 $1 $11 {and Black stays safe.}) 25. Rg3+ $1 $18 Kh8 $2 {[#]} (25... Ng6 $18) 26. Qc7 $2 (26. Qd8 $1 {[%mdl 512] mates} Bg4 (26... Rxd8 27. Rxd8#) 27. Qxf6+ Kg8 28. h6 Qb1+ 29. Rd1 Qxd1+ 30. Bxd1 Nh5 31. Rxg4+ Ng7 32. Qxg7#) 26... Nxe2 $17 27. Qe7 $1 {[%cal Re7f8]} Nxg3+ 28. fxg3 {[%cal Re7f8]} Qb1+ $2 {[%mdl 8192]} (28... Qc4+ $1 $17 {stays on course.} 29. Kg1 Qc5+ 30. Kh2 Qxd6 $1 {[%mdl 512]} 31. Qxd6 Be6) 29. Ne1 $18 {[%cal Re7f8]} Kg8 {[#]} 30. Rd8 $2 ({White must play} 30. h6 $1 $18 Qxe4 31. Rd8 Qe2+ 32. Kxe2 Bg4+ 33. Ke3 Rfxd8 34. Qxf6) 30... Rxd8 $11 31. Qxd8+ Kg7 {[#]} 32. h6+ $1 {[%mdl 512]} Kg6 (32... Kxh6 33. Qxf6+) 33. Qg8+ Kxh6 {Precision: White = 32%, Black = 26%.} 1/2-1/2

[Event "GCT Saint Louis Rapid 2018"]
[Site "Saint Louis"]
[Date "2018.08.12"]
[Round "5"]
[White "Mamedyarov, Shakhriyar"]
[Black "Nakamura, Hikaru"]
[Result "1/2-1/2"]
[WhiteElo "2782"]
[BlackElo "2812"]
[Annotator "TA"]
[PlyCount "59"]
[EventDate "2018.08.11"]
[EventType "tourn"]
[EventCountry "USA"]
[SourceTitle "playchess.com"]
[Source "ChessBase"]
[SourceQuality "1"]

{[%evp 25,59,0,18,0,0,-22,21,0,-2,-28,-20,-28,-27,-47,-47,-37,-58,-49,0,0,0,0,0,0,0,0,0,0,0,0,0,0,0,0,0,0]} 1. Nf3 d5 2. e3 Nf6 3. c4 e6 4. Nc3 Be7 5. b3 c5 6. Bb2 O-O 7. Rc1 dxc4 8. bxc4 b6 9. g3 Bb7 10. Bg2 Nc6 11. O-O Rc8 12. Qe2 Qc7 13. Rfd1 Qb8 {LiveBook: 15 Partien. A14: Reti-Eröffnung} (13... a6 14. Ba1 Rfd8 15. d3 h6 16. Rb1 Ba8 17. Ne1 Rb8 18. f4 Ne8 19. f5 Bf6 20. fxe6 fxe6 21. Bh3 {½-½ (58) Zherebukh,Y (2632)-Akobian,V (2661) Saint Louis 2017}) 14. d4 cxd4 15. exd4 Rfe8 16. d5 exd5 17. Nxd5 (17. cxd5 {looks sharper.} Bf8 18. Qb5 Nb4 19. Nd4 a6 20. Qxb6 Nfxd5 21. Nxd5 Rxc1 22. Bxc1 Bxd5 23. Qxb8 Rxb8 24. a3) 17... Nxd5 18. cxd5 Bg5 $1 19. Qxe8+ Rxe8 20. dxc6 $146 {[%cal Bd5c6,Bc6c7][%mdl 32]} ({Vorgänger:} 20. Nxg5 Nb4 21. Ba3 {0-1 (42) Helbig,P (2250)-Collier,D Bristol 1991}) 20... Bxc1 21. Be5 $1 {[%cal Re5b8]} Rxe5 22. Nxe5 {Die Stellung ist ausgeglichen.} Ba6 23. Rd7 $1 Bg5 $1 24. c7 $1 {[%cal Rc7b8]} Qc8 $1 {[#] Droht ...h5 und aus.} 25. Bd5 Bf6 {Und weiter mit ...h5 wäre nett.} 26. Bxf7+ Kf8 27. Be6 {zielt auf Tf7+ ab.} Ke8 28. Bf7+ Kf8 29. Be6 {[#] Und Tf7+ würde nun gewinnen.} Ke8 30. Bf7+ 1/2-1/2

[Event "GCT Saint Louis Rapid 2018"]
[Site "Saint Louis"]
[Date "2018.08.12"]
[Round "5"]
[White "Anand, Viswanathan"]
[Black "Aronian, Levon"]
[Result "0-1"]
[WhiteElo "2771"]
[BlackElo "2794"]
[Annotator "TA"]
[PlyCount "78"]
[EventDate "2018.08.11"]
[EventType "tourn"]
[EventCountry "USA"]
[SourceTitle "playchess.com"]
[Source "ChessBase"]
[SourceQuality "1"]

{[%evp 25,78,10,14,14,13,14,13,13,25,23,39,40,40,34,27,30,33,29,50,31,42,29,37,33,60,54,54,51,55,61,61,61,66,65,72,76,69,73,258,245,253,250,372,133,129,122,154,138,143,0,0,-437,-434,-434,-433]} 1. e4 e5 2. Nf3 Nc6 3. Bb5 Nf6 4. O-O Nxe4 5. Re1 Nd6 6. Nxe5 Be7 7. Bf1 Nxe5 8. Rxe5 O-O 9. Nc3 {[%cal Bb1c3,Bc3d5,Bd5e3,Be3f5,Bf5e7][%mdl 32] C67: Ruy Lopez: Berlin Defence: 4 0-0 Nxe4} Ne8 10. Nd5 Bd6 11. Re1 c6 12. Ne3 Bc7 (12... Be7 13. c4 Nc7 14. d4 d5 15. cxd5 Nxd5 16. Nxd5 cxd5 {½-½ (54) Anand,V (2759)-Aronian,L (2764) Leuven 2018}) 13. Nf5 d5 {LiveBook: 94 Games} 14. Ne7+ Kh8 {Hoping for ...Be6.} 15. Nxc8 Rxc8 16. d3 {[%cal Bd2d3,Bd3d4][%mdl 32]} Qf6 {[#]} 17. Qg4 $146 Bb6 18. Qf4 Qd8 19. c3 Nc7 20. d4 Ne6 21. Qf3 Ng5 22. Bxg5 (22. Qf5 {is more complex.} Ne6 23. Bd3 g6 24. Qf3 Kg8 25. g3) 22... Qxg5 23. Re5 Qd8 24. Rae1 Kg8 25. g3 Rc7 26. h4 $36 {[%cal Bh2h4,Bh4h5][%mdl 2080] White has some pressure.} f6 27. Re6 f5 28. Bd3 Rcf7 29. h5 Qg5 30. Kg2 Bc7 31. c4 g6 $2 (31... Qd8 $16 {keeps fighting.}) 32. hxg6 $18 hxg6 33. cxd5 cxd5 34. Bb5 $2 (34. Qxd5 $18 Bxg3 35. fxg3 Qd2+ 36. R1e2 Qxd3 37. Rxg6+ Kh8 38. Kf2) 34... f4 $16 {[#]} 35. g4 $1 {Strongly threatening Be8.} Rh7 36. Bd3 Qh4 37. Rxg6+ (37. Bxg6 $16 Qh2+ 38. Kf1 Qh1+ 39. Ke2 Qxf3+ 40. Kxf3 Rh3+ 41. Kg2) 37... Kh8 $11 {...Qh2+ is the strong threat.} 38. g5 $2 {[%mdl 8192] [#]} (38. Rg1 $11 {and White stays safe.}) 38... Qh2+ $1 $19 ({Not} 38... Ba5 39. Rb1 $14) 39. Kf1 {Threatens to win with Rh6.} Qh1+ {Precision: White = 71%, Black = 42%.} 0-1

[Event "GCT Saint Louis Rapid 2018"]
[Site "Saint Louis"]
[Date "2018.08.12"]
[Round "6"]
[White "Dominguez Perez, Leinier"]
[Black "Grischuk, Alexander"]
[Result "1/2-1/2"]
[WhiteElo "2826"]
[BlackElo "2751"]
[Annotator "TA"]
[PlyCount "93"]
[EventDate "2018.08.11"]
[EventType "tourn"]
[EventCountry "USA"]
[SourceTitle "playchess.com"]
[Source "ChessBase"]
[SourceQuality "1"]

{[%evp 21,93,21,27,35,32,26,47,24,36,46,62,43,43,50,63,0,63,65,59,32,58,46,104,13,56,40,35,29,45,75,49,-18,-16,-12,-22,-50,-41,-50,-29,-44,-41,-60,-58,-55,-29,-19,-20,-18,18,-33,-41,-36,-29,-87,-87,-88,-89,-87,-85,-104,9,5,8,8,16,0,0,0,0,0,0,0,0,0]} 1. e4 c5 2. Nf3 d6 3. d4 cxd4 4. Nxd4 Nf6 5. Nc3 a6 6. h3 e6 7. g4 Nfd7 {B81: Sizilianisch (Keres-Angriff)} 8. Bg2 Be7 9. Be3 (9. g5 b5 10. e5 d5 11. f4 b4 12. Nce2 a5 13. Be3 Ba6 14. h4 Bc5 15. h5 Qb6 16. g6 hxg6 17. hxg6 Rxh1+ 18. Bxh1 fxg6 {½-½ (44) Karjakin,S (2782)-Grischuk,A (2766) Leuven 2018}) 9... Nc6 10. h4 O-O 11. g5 Nde5 {LiveBook: 9 Partien} 12. Qe2 Nxd4 13. Bxd4 b5 14. f4 Nc6 15. Be3 Qa5 16. Qf2 {[#]} Rb8 $146 17. O-O Qc7 18. f5 (18. Ne2 $14) 18... Re8 (18... f6 $11) 19. f6 $14 Bf8 20. h5 Ne5 21. Qg3 Rb7 (21... b4 $14 22. Nd1 a5) 22. Bd4 (22. Rad1 $16) 22... gxf6 23. Rxf6 ({Doch nicht} 23. gxf6+ Kh8 $15) 23... Bg7 24. Raf1 Qc4 25. Bxe5 Qc5+ 26. Kh2 (26. Kh1 $14 Qxe5 27. Qxe5 dxe5 28. R6f3) 26... Qxe5 $11 27. Qxe5 dxe5 28. R6f2 Bf8 29. Nd1 Be7 30. Rxf7 Bxg5 31. Rxb7 Bxb7 32. Nf2 Rf8 33. Kg3 Bf4+ 34. Kh4 Kg7 35. Ng4 (35. Nd3 $11) 35... Rd8 $15 36. Bf3 b4 37. Rf2 (37. Nf2 $11 {bleibt in der Remisbreite.}) 37... a5 $17 38. Rg2 Kf7 39. Nf2 Ba6 40. Nh3 {[#]} Kf6 (40... Bd2 $1 $17 41. Be2 Be1+ 42. Kg4 Bxe2+ 43. Rxe2 Rg8+ 44. Ng5+ Kf6 45. Rxe1 Rxg5+ 46. Kf3 Rxh5) 41. Nxf4 $11 {Die Stellung ist ausgeglichen.} exf4 {[%mdl 4096] Endspiel KTL-KTL} 42. Rg5 $1 {Droht e5+ und aus.} Rd2 43. Rxa5 Be2 44. Kg4 {Droht stark e5+.} Bxf3+ 45. Kxf3 Rxc2 46. Kxf4 Rf2+ 47. Ke3 {Precision: Weiß = 61%, Schwarz = 41%.} 1/2-1/2

[Event "GCT Saint Louis Rapid 2018"]
[Site "Saint Louis"]
[Date "2018.08.12"]
[Round "6"]
[White "Aronian, Levon"]
[Black "Nakamura, Hikaru"]
[Result "0-1"]
[WhiteElo "2806"]
[BlackElo "2824"]
[Annotator "TA"]
[PlyCount "96"]
[EventDate "2018.08.11"]
[EventType "tourn"]
[EventCountry "USA"]
[SourceTitle "playchess.com"]
[Source "ChessBase"]
[SourceQuality "1"]

{[%evp 32,96,39,15,15,15,34,41,60,-9,0,-1,0,-20,0,-16,-14,-36,-24,-55,-37,-62,0,0,176,155,388,385,375,-225,-203,-438,-454,-452,-420,-539,-339,-445,-431,-674,-679,-660,-634,-1155,-1140,-1108,-1002,-954,-972,-12833,-12834,-12833,-12834,-12834,-12835,-12835,-12835,-12834,-12835,-12835,-12835,-12839,-12839,-12840,-12840,-12841,-12841]} 1. e4 c5 2. Nf3 d6 3. Nc3 a6 4. d4 cxd4 5. Nxd4 Nf6 6. Be3 Ng4 7. Bc1 Nf6 8. f3 e5 9. Nb3 Be6 10. Be3 h5 11. Qd2 Nbd7 12. O-O-O Rc8 13. Kb1 {B90: Sicilian Najdorf: Unusual White 6th moves, 6 Be3 Ng4 and 6 Be3 e5} b5 (13... Be7 14. h4 b5 15. Bg5 Qb6 16. Nd5 Nxd5 17. exd5 Bf5 18. Bd3 Bxd3 19. Qxd3 Qd8 20. Be3 Rc4 21. Nd2 Rxh4 22. Rxh4 Bxh4 {1-0 (44) Yu,Y (2751)-Zhou,J (2597) Shenzhen 2017}) 14. g3 Be7 15. Nd5 Bxd5 16. exd5 Nb6 17. Bxb6 {LiveBook: 9 Games} Qxb6 18. Bh3 Rc7 19. Rhe1 h4 $146 ({Predecessor:} 19... Nd7 20. f4 Bf6 21. Nd4 O-O {1-0 (39) Corrales Jimenez,F (2585)-Benitah,Y (2377) Metz 2010}) 20. Qg2 (20. Bg2 $14) 20... a5 {[%cal Ba6a5,Ba5a4,Ba4a3][%mdl 32] Black wants to play ...a4.} 21. f4 a4 $1 {[%cal Ra4b3]} 22. Nc1 {[%cal Bb3c1,Bc1d3,Bd3f2,Bf2e4][%mdl 32]} O-O 23. fxe5 dxe5 24. gxh4 a3 {...axb2 is the strong threat.} 25. Rg1 {[%csl Gg1][%cal Rg2g7]} Ne8 $1 {White must now prevent ...axb2.} 26. Nd3 Bf6 (26... e4 $15 27. Qxe4 axb2) 27. Nf2 $11 {Hoping for Ne4.} e4 $2 (27... Rc4 $1 $11 {and Black is okay.}) 28. Nxe4 $18 Bxb2 $2 (28... Rc4 $16 {keeps fighting.}) 29. d6 Rc4 {[%cal Bc7c4,Bc4b4,Bb4e4][%mdl 32] [#]} 30. d7 $4 {[%mdl 8192] [#]} (30. c3 $1 $18 {[%mdl 512] was the only winning move.} Rxe4 (30... Bxc3 31. Nxc3) 31. d7 Bxc3 32. Qxe4 (32. d8=Q $2 Rb4+ 33. Kc1 Qe3+ 34. Rd2 Bxd2+ 35. Qdxd2 Qc5+ 36. Kd1 Rd4 $19)) 30... Rb4 $1 $40 {[%mdl 128] aiming for ...Be5+. White is in trouble.} 31. Rd3 $2 (31. Nd2 Nd6 32. Rgf1) 31... Bf6+ $1 32. Kc1 Rxe4 $1 33. Rgd1 Rxh4 34. Bg4 Nc7 {Black is clearly winning.} 35. d8=Q (35. Qg1 $142 Qxg1 36. Rxg1) 35... Bxd8 ({Weaker is} 35... Rxd8 36. Rxd8+ Bxd8 37. Rxd8+ Kh7 38. Bf5+ g6 39. Qg3 $17) 36. Rxd8 Qe3+ 37. Kb1 Qc3 {[%csl Ga3][%cal Rc3b2]} 38. Rxf8+ Kxf8 {[%csl Ga3][%cal Rc3b2]} 39. Rd8+ Ne8 40. Rxe8+ Kxe8 {[%csl Ga3][%cal Rc3b2][%mdl 4096] Endgame KQR-KQB} 41. Qe4+ Kf8 {[%csl Ga3][%cal Rc3b2]} 42. Qa8+ Ke7 {[%csl Ga3][%cal Rc3b2]} 43. Qe4+ Kd6 {[%csl Ga3][%cal Rc3b2]} 44. Qf4+ Qe5 45. Qb4+ Kc6 {( -> ...Qe3)} 46. Qxa3 Rxg4 47. Qa6+ Kd7 {[%cal Rg4g1]} 48. Qb7+ Kd8 {Precision: White = 35%, Black = 36%.} 0-1

[Event "GCT Saint Louis Rapid 2018"]
[Site "Saint Louis"]
[Date "2018.08.12"]
[Round "6"]
[White "Vachier-Lagrave, Maxime"]
[Black "Mamedyarov, Shakhriyar"]
[Result "0-1"]
[WhiteElo "2798"]
[BlackElo "2754"]
[Annotator "TA"]
[PlyCount "70"]
[EventDate "2018.08.11"]
[EventType "tourn"]
[EventCountry "USA"]
[SourceTitle "playchess.com"]
[Source "ChessBase"]
[SourceQuality "1"]

{[%evp 11,70,24,15,-56,-49,-102,-101,-94,-50,-135,-130,-207,-209,-220,-212,-214,-218,-215,-188,-172,-105,-113,-110,-124,-103,-104,-127,-108,-112,-142,-147,-270,-151,-133,-154,-360,-328,-310,-180,-608,-528,-564,-557,-525,-523,-579,-559,-600,-589,-1335,-641,-635,-648,-483,-631,-621,-566,-682,-663,-727,-724]} 1. e4 e5 2. Nf3 Nc6 3. Bc4 Nf6 4. d3 h6 5. O-O d6 6. Re1 g5 {[%cal Bg7g5,Bg5g4][%mdl 32] LiveBook: 4 Games. C55: Two Knights: 4 d3, 4 d4 exd4 5 e5 and Max Lange Attack} 7. d4 (7. Nfd2 $11) (7. Nc3 Bg7 8. d4 O-O 9. dxe5 dxe5 10. Be3 Bg4 11. Bc5 Re8 12. Bb5 a6 13. Bxc6 bxc6 14. Qxd8 Raxd8 {½-½ (63) Aronian,L (2764)-Mamedyarov,S (2808) Leuven 2018}) 7... g4 $15 8. dxe5 ({White should try} 8. Nh4 $15) 8... gxf3 $17 {Black is better.} 9. exf6 {Black must now prevent e5.} Ne5 $146 {Threatens to win with ...Rg8.} ({Predecessor:} 9... Rg8 10. g3 Ne5 11. Bf1 Qxf6 12. Nc3 c6 13. Be3 h5 14. Qd2 {0-1 (25) Sebastian,D (2445)-Beerdsen,T (2413) chess.com INT 2017}) 10. Nd2 (10. Na3 $15) 10... Qxf6 11. gxf3 (11. Bb5+ $17 c6 12. Bf1 fxg2 13. Bxg2) 11... Rg8+ $19 12. Kh1 Nxc4 13. Nxc4 Bh3 $1 {[%cal Rh3g2]} 14. Ne3 h5 15. Bd2 {[#]} O-O-O (15... Bh6 $1 $19 {[%cal Rh6e3]} 16. Bc3 Bxe3 17. Bxf6 Bg2+ 18. Kg1 Bh3+ 19. Kh1 Bg2+ 20. Kg1 Bh3+ 21. Kh1) 16. Qe2 $17 d5 17. Rg1 Rxg1+ 18. Rxg1 dxe4 19. fxe4 Qxb2 20. Qxh5 Be6 $36 {[%mdl 2048] White is under strong pressure.} 21. Rg8 (21. Bc1 $17 Qxa2 22. Qb5) 21... f6 ({Worse is} 21... Qxa2 22. Qh8 $11) (21... f5 $19 22. Rg5 Qd4) 22. Rh8 Qd4 ({Weaker is} 22... Qxa2 23. Bc3 $14) 23. Qa5 $2 (23. Be1 $17 {is the only way for White.}) 23... Qxe4+ $19 24. Kg1 a6 (24... b6 $142 25. Qxa7 f5) 25. Bc3 $2 (25. Qh5) 25... Bd5 {Black is clearly winning.} 26. Nxd5 Rxd5 27. Rxf8+ {[#]} Kd7 $1 28. Rf7+ Ke8 {Strongly threatening ...Rd1+.} 29. Re7+ Kxe7 30. Qxc7+ {[%mdl 4096] Endgame KQR-KQB} Rd7 (30... Ke8 $142 31. Qc8+ Rd8 32. Qxd8+ Kxd8) 31. Qc5+ Kf7 {( -> ...Rd1+)} 32. Qh5+ Qg6+ 33. Qxg6+ Kxg6 34. Bb4 Rc7 35. c3 b6 {Precision: White = 19%, Black = 86%.} 0-1

[Event "GCT Saint Louis Rapid 2018"]
[Site "Saint Louis"]
[Date "2018.08.12"]
[Round "6"]
[White "Karjakin, Sergey"]
[Black "Caruana, Fabiano"]
[Result "1/2-1/2"]
[WhiteElo "2793"]
[BlackElo "2738"]
[Annotator "TA"]
[PlyCount "95"]
[EventDate "2018.08.11"]
[EventType "tourn"]
[EventCountry "USA"]
[SourceTitle "playchess.com"]
[Source "ChessBase"]
[SourceQuality "1"]

{[%evp 18,95,35,39,33,25,41,0,33,22,25,28,53,47,41,39,41,47,53,5,24,25,29,14,16,5,18,12,33,0,0,0,0,7,10,0,0,0,0,0,0,0,0,0,0,0,0,0,0,0,0,0,0,0,0,0,0,0,0,0,0,0,4,0,0,0,0,0,0,0,0,0,0,0,0,0,0,0,0,0]} 1. d4 Nf6 2. c4 e6 3. Nf3 d5 4. Nc3 a6 5. cxd5 exd5 6. Bg5 {D37: Queen's Gambit Declined: 5 Bf4} Be6 7. e3 Nbd7 8. Bd3 h6 (8... Bd6 9. O-O O-O 10. Rc1 c6 11. Bf4 Bxf4 12. exf4 Bg4 13. Be2 Bxf3 14. Bxf3 {1-0 (122) Nakamura,H (2769)-Caruana,F (2816) Paris 2018}) 9. Bf4 g5 10. Bg3 $1 {LiveBook: 47 Games} Nh5 11. Be5 (11. Nd2 Nxg3 12. hxg3 {1-0 (46) Karjakin,S (2753)-Caruana,F (2811) Wijk aan Zee 2018}) 11... Nhf6 12. Bg3 Nh5 $1 13. Qb3 Nxg3 14. hxg3 {[#]} b5 $146 15. Qc2 Bg7 16. Ne2 Rc8 17. Qc6 O-O 18. Rc1 Nb8 19. Qc2 Nd7 20. O-O c5 21. dxc5 Nxc5 22. Ned4 Qd7 23. Qb1 Nxd3 {The position is equal.} 24. Qxd3 Rxc1 25. Rxc1 Rc8 26. Rd1 Bg4 27. a4 bxa4 28. Qxa6 Rc4 29. b3 axb3 30. Nxb3 Rc3 31. Nbd4 Rc4 32. Qa8+ Rc8 33. Qa5 Bxd4 34. Rxd4 Qf5 {[#] Threatens to win with ...Rc1+.} 35. Ne1 (35. Rxd5 $2 Rc1+ 36. Ne1 {[#]} (36. Kh2 $2 Qb1 $19) 36... Rxe1+ $1 {[%mdl 512]} 37. Qxe1 Qxd5 $19) 35... Qb1 36. f3 ({Not} 36. Rxg4 $2 Rc1 $19) 36... Be6 37. Kf2 Rb8 38. Rd2 Rc8 39. Qa3 Rb8 40. Qc3 Rc8 41. Qb2 (41. Qe5 {feels hotter.} Kh7 42. g4 Rc4 43. Qb2 Qxb2 44. Rxb2 d4 45. exd4 Rxd4 46. Ke3) 41... Qxb2 42. Rxb2 $11 {[%mdl 4096] Endgame KRB-KRN} Bf5 43. g4 Bg6 44. Rb5 Rd8 $1 45. Ke2 Kg7 46. Nd3 Bxd3+ 47. Kxd3 Ra8 48. Rxd5 {Precision: White = 68%, Black = 80%.} 1/2-1/2

[Event "GCT Saint Louis Rapid 2018"]
[Site "Saint Louis"]
[Date "2018.08.12"]
[Round "6"]
[White "Anand, Viswanathan"]
[Black "So, Wesley"]
[Result "0-1"]
[WhiteElo "2758"]
[BlackElo "2852"]
[Annotator "TA"]
[PlyCount "90"]
[EventDate "2018.08.11"]
[EventType "tourn"]
[EventCountry "USA"]
[SourceTitle "playchess.com"]
[Source "ChessBase"]
[SourceQuality "1"]

{[%evp 25,90,-8,0,-7,-7,-20,0,-17,-18,-12,1,6,16,0,10,-32,0,-61,-42,-100,-95,-80,-90,-136,-112,-111,-111,-121,-123,-143,-128,-142,-104,-104,-97,-104,-100,-110,-110,-105,-109,-123,-128,-126,-121,-152,-161,-244,-248,-246,-237,-275,-268,-278,-273,-341,-321,-333,-331,-381,-371,-380,-373,-367,-362,-354,-347]} 1. e4 e5 2. Nf3 Nc6 3. Bc4 Bc5 4. O-O Nf6 5. d3 O-O 6. c3 d5 7. exd5 Nxd5 8. Re1 Bg4 9. h3 Bh5 10. Nbd2 Nb6 11. Bb5 Bd6 12. Bxc6 {C55: Two Knights: 4 d3, 4 d4 exd4 5 e5 and Max Lange Attack} (12. Ne4 f5 13. Ng3 Bxf3 14. Qxf3 Ne7 15. Qxb7 c6 16. Bc4+ Nxc4 17. Qb3 Kh8 18. Qxc4 Qd7 19. Bd2 Nd5 {½-½ (52) Vachier Lagrave,M (2789)-Giri,A (2782) Leuven 2018}) 12... bxc6 13. Ne4 Re8 {LiveBook: 3 Games} 14. c4 {aiming for c5.The position is equal.} Nd7 $146 ({Predecessor:} 14... Bb4 15. Rf1 Bf8 16. b3 Qd7 17. Bb2 f6 18. g4 Bf7 19. Qe2 Nc8 {0-1 (57) Schachinger,M (2426)-Menezes,C (2299) Pinkafeld 2015}) 15. Bd2 c5 16. Ng3 Bg6 17. Bc3 f6 18. Nh4 Bf7 19. Nhf5 Bf8 20. Qe2 a5 {[%cal Ba7a5,Ba5a4][%mdl 32]} 21. b3 (21. Qd2 $11) 21... a4 $15 22. Qc2 ({Better is} 22. Qd2 $15) 22... Nb8 $17 {[%cal Bd7b8,Bb8c6,Bc6b4][%mdl 32]} 23. Ne4 Nc6 24. Nfg3 Nb4 25. Bxb4 cxb4 26. Rad1 Qd7 27. Nd2 axb3 28. axb3 Bc5 29. Nf3 Ra3 30. Ne4 Bd4 31. Rb1 Rea8 32. Nxd4 Qxd4 33. Qd2 Ra2 34. Qe3 Qxe3 35. fxe3 Bg6 36. Nf2 (36. Nc5 $142) 36... R8a3 $19 37. e4 Rc2 38. Ra1 Rb2 ({Don't take} 38... Rxb3 39. Ra8+ Kf7 40. Rc8 $17) 39. g4 Rbxb3 40. Reb1 Rxb1+ 41. Rxb1 c5 42. Rb2 Ra1+ {Black is winning.} 43. Kg2 Be8 44. Kf3 Ba4 45. Ke2 Kf7 {Precision: White = 33%, Black = 78%.} 0-1